[Event "zt 2.4 Playoff Rapid"]
[Site "Sao Paulo BRA"]
[Date "2001.06.17"]
[Round "2"]
[White "Lima,Da"]
[Black "Milos,G"]
[Result "0-1"]
[WhiteElo "2550"]
[BlackElo "2608"]

1.e4 c5 2.Nf3 e6 3.d4 cxd4 4.Nxd4 Nc6 5.Nc3 a6 6.g3 Nge7 7.Nb3 d6 8.Bg2 Bd7
9.O-O Nc8 10.a4 Be7 11.f4 O-O 12.g4 Na5 13.Nd4 Qb6 14.Kh1 Bf6 15.Nce2 g6
16.g5 Bg7 17.f5 exf5 18.exf5 Be5 19.b3 Ne7 20.Be3 Qc7 21.fxg6 hxg6 22.Nf4 Nac6
23.c4 Bg7 24.Rc1 Ne5 25.Qd2 Rae8 26.a5 Bc6 27.Nxc6 bxc6 28.b4 Qb8 29.Bh3 Nc8
30.Bd4 Re7 31.Qc3 Rfe8 32.Rb1 Rb7 33.c5 Na7 34.cxd6 Nb5 35.Qa1 Qxd6 36.Bc5 Qd8
37.Rbd1 Qxg5 38.Qc1 Qh4 39.Bf2 Qh6 40.Bg2 Rbe7 41.Bg3 Ng4 42.Qxc6 Nd4 43.Qxa6 Nf5
44.Nh3 Nxg3+ 45.hxg3 Ne3 46.Qc6 Nxd1 47.Rxd1 Re1+ 48.Rxe1 Rxe1+ 49.Kh2 Bd4
50.g4 Be5+  0-1

[Event "Homenaje a la Bandera"]
[Site "Rosario ARG"]
[Date "2001.06.18"]
[Round "6"]
[White "Sanchez Almeyra,J"]
[Black "Burijovich,L"]
[Result "1-0"]
[WhiteElo "2440"]
[BlackElo "2170"]

1.e4 c5 2.Nf3 e6 3.d4 cxd4 4.Nxd4 Nc6 5.Nc3 Qc7 6.f4 a6 7.Be2 Nxd4 8.Qxd4 b5
9.Be3 Bb7 10.O-O Rc8 11.Rad1 Nf6 12.e5 Nd5 13.Nxd5 Bxd5 14.Bf3 Bc6 15.Bxc6 dxc6
16.f5 Rd8 17.Qxd8+ Qxd8 18.Rxd8+ Kxd8 19.fxe6 fxe6 20.Rf7 Be7 21.Rxg7 Ke8
22.Kf1 h5 23.Ke2 Kf8 24.Rg3 h4 25.Rf3+ Ke8 26.g4 hxg3 27.hxg3 Rh2+ 28.Rf2 Rh5
29.Bf4 Bc5 30.Rg2 Kf7 31.Kf3 Rh1 32.Rd2 Kg6 33.Rd7 Rh2 34.Rc7 Rf2+ 35.Kg4 Rxc2
36.Rxc6  1-0

[Event "Hotel Lippa GM"]
[Site "Szentgotthard HUN"]
[Date "2001.06.18"]
[Round "6"]
[White "Fercec,N"]
[Black "Horvath,Ad"]
[Result "0-1"]
[WhiteElo "2433"]
[BlackElo "2478"]

1.e4 c5 2.Nf3 e6 3.d4 cxd4 4.Nxd4 Nc6 5.Nc3 Qc7 6.Be3 a6 7.Bd3 Nf6 8.O-O h5
9.h3 Bd6 10.f4 Bc5 11.e5 Nxe5 12.fxe5 Qxe5 13.Qd2 Bxd4 14.Rae1 b5 15.Bxd4 Qxd4+
16.Kh1 Bb7 17.Rxe6+ Kf8 18.Re3 Rc8 19.Qf2 Qc5 20.Qf4 h4 21.Re5 Qc7 22.Be4 d6
23.Rf5 Rh5 24.Rxh5 Nxh5 25.Qxh4 Qc4 26.Rf3 g6 27.b3 Qd4 28.Rxf7+ Kg8 29.Rxb7 Qxc3
30.Bxg6 Qa1+ 31.Kh2 Qe5+ 32.Kg1 Qe3+ 33.Qf2 Qxf2+ 34.Kxf2 Nf4 35.Be4 d5 36.Bh7+ Kh8
37.Kg3 Ne6 38.Kg4 Nd4 39.Rd7 Nxc2  0-1

[Event "TSGM"]
[Site "Belgrade YUG"]
[Date "2001.06.19"]
[Round "4"]
[White "Kallio,H"]
[Black "Milanovic,D"]
[Result "1-0"]
[WhiteElo "2410"]
[BlackElo "2421"]

1.e4 c5 2.Nf3 Nc6 3.Nc3 e6 4.d4 cxd4 5.Nxd4 Nf6 6.Be2 Bb4 7.O-O O-O 8.Nxc6 bxc6
9.e5 Nd5 10.Nxd5 cxd5 11.Bd3 Be7 12.f4 Qb6+ 13.Kh1 f5 14.exf6 Bxf6 15.Qe2 a5
16.Be3 Qd6 17.c4 Bb7 18.Rfd1 Qe7 19.Bb6 Qb4 20.Bc7 Rac8 21.Be5 Bxe5 22.Qxe5 dxc4
23.Bxh7+ Kxh7 24.Rxd7  1-0

[Event "Hotel Lippa GM"]
[Site "Szentgotthard HUN"]
[Date "2001.06.19"]
[Round "7"]
[White "Horvath,Ad"]
[Black "Kovacs,Ga2"]
[Result "1-0"]
[WhiteElo "2478"]
[BlackElo "2366"]

1.e4 c5 2.Nf3 e6 3.d4 cxd4 4.Nxd4 Nc6 5.Nc3 Qc7 6.Be2 a6 7.O-O Nf6 8.Kh1 d6
9.f4 Be7 10.Be3 O-O 11.Qe1 Nxd4 12.Bxd4 b5 13.a3 Bb7 14.Qg3 Bc6 15.Rae1 Qb7
16.Bd3 b4 17.Nd1 bxa3 18.bxa3 Nh5 19.Qh3 g6 20.Ne3 Qd7 21.Ng4 f6 22.f5 e5
23.Bc4+ Kh8 24.fxg6 hxg6 25.Qe3 g5 26.Qh3 Qe8 27.Nh6 Bd7 28.Nf5 Bxf5 29.Rxf5 Kg7
30.Be3 Rc8 31.Bd3 Kg6 32.Rff1 Ng7 33.Rb1 Rc3 34.Bc1 Rc6 35.Rb7 Rc5 36.Bd2 a5
37.Rfb1 Bd8 38.Bb5 Rxb5 39.R1xb5 Rf7 40.Qc8 Rxb7 41.Rxb7 Ne6 42.Bxa5  1-0

[Event "5th Open"]
[Site "Voronezh RUS"]
[Date "2001.06.19"]
[Round "7"]
[White "Kuznetsov,Vi2"]
[Black "Bairachny,R"]
[Result "0-1"]
[WhiteElo "2146"]
[BlackElo "2428"]

1.e4 c5 2.Nf3 e6 3.d4 cxd4 4.Nxd4 Nc6 5.Nc3 Qc7 6.Be2 a6 7.O-O Nf6 8.Be3 Bb4
9.Na4 Be7 10.Nxc6 bxc6 11.Bd3 c5 12.c4 Bb7 13.Nc3 d6 14.Qe2 Nd7 15.f4 Bf6
16.Rac1 O-O 17.Rfd1 Bd4 18.Bc2 Bxc3 19.bxc3 Nf6 20.Bf2 Qc6 21.Re1 d5 22.cxd5 exd5
23.e5 Ne4 24.Bh4 Qh6 25.Bxe4 dxe4 26.Bg5 Qe6 27.Red1 Qf5 28.Rd6 h6 29.g4 Qc8
30.Bh4 e3 31.h3 Rb8 32.Qxe3 Ba8 33.Qe2 Qb7 34.Kh2 Rfe8 35.Rcd1 a5 36.g5 hxg5
37.Bxg5 a4 38.Rg1 Qb2 39.Rd2 Qxc3 40.Bf6 g6 41.Rg4 Rb6 42.Qd3 Qxd3 43.Rxd3 c4
44.Rdg3 Rc8 45.f5 c3 46.e6 Rb2+  0-1

[Event "TCh-Europe Boys U18"]
[Site "Balatonlelle HUN"]
[Date "2001.06.23"]
[Round "2"]
[White "Sedlak,N"]
[Black "Pinter,G"]
[Result "1-0"]
[WhiteElo "2448"]
[BlackElo "2403"]

1.e4 c5 2.Nf3 e6 3.d4 cxd4 4.Nxd4 Nc6 5.Nc3 Qc7 6.Be3 a6 7.Be2 Nf6 8.a3 Be7
9.f4 d6 10.g4 O-O 11.g5 Nd7 12.h4 Re8 13.h5 Nxd4 14.Qxd4 e5 15.Qd2 exf4 16.Bxf4 Ne5
17.Nd5 Qc6 18.O-O-O Bf8 19.h6 Ng6 20.hxg7 Bxg7 21.Bxd6 Rxe4 22.Nf6+ Bxf6
23.gxf6 Qb6 24.Bd3 Re6 25.Bxg6 fxg6 26.f7+ Kxf7 27.Qf4+  1-0

[Event "Hotel Lippa GM"]
[Site "Szentgotthard HUN"]
[Date "2001.06.23"]
[Round "11"]
[White "Fercec,N"]
[Black "Kovacs,Ga2"]
[Result "1/2-1/2"]
[WhiteElo "2433"]
[BlackElo "2366"]

1.e4 c5 2.Nf3 e6 3.d4 cxd4 4.Nxd4 Nc6 5.Nc3 Qc7 6.Be3 a6 7.Bd3 Nf6 8.O-O Be7
9.Nb3 b5 10.a3 d6  1/2-1/2

[Event "12th Open"]
[Site "Ljubljana SLO"]
[Date "2001.06.24"]
[Round "2"]
[White "Kodric,M"]
[Black "Golja,M"]
[Result "1-0"]
[WhiteElo "2248"]
[BlackElo "2085"]

1.e4 c5 2.Nf3 e6 3.d4 cxd4 4.Nxd4 Nc6 5.Nc3 Qc7 6.Be2 a6 7.f4 Nf6 8.e5 Nxd4
9.Qxd4 Bc5 10.Qd3 Ng8 11.Ne4 d5 12.exd6 Qb6 13.Nxc5 Qxc5 14.Be3 Qd5 15.Qxd5 exd5
16.O-O-O Be6 17.Bf3 Nf6 18.Bd4 Rd8 19.Bxf6 gxf6 20.Bxd5 Rxd6 21.Bxb7 Rb6
22.Bd5 f5 23.Rhe1 Ke7 24.c4 Rd8 25.b3 Kf6 26.Bxe6 Rxd1+ 27.Kxd1 fxe6 28.Kd2 Ke7
29.Kc3 Rd6 30.b4  1-0

[Event "Narciso Yepes"]
[Site "Lorca ESP"]
[Date "2001.06.25"]
[Round "1"]
[White "Palac,M"]
[Black "Rodriguez Guerrero,E"]
[Result "1/2-1/2"]
[WhiteElo "2605"]
[BlackElo "2257"]

1.e4 c5 2.Nf3 e6 3.d4 cxd4 4.Nxd4 Nc6 5.Nc3 Qc7 6.Be2 a6 7.O-O Nf6 8.Be3 Bb4
9.Na4 Be7 10.Nxc6 bxc6 11.Nb6 Rb8 12.Nxc8 Qxc8 13.Bd4 c5 14.Be5 Rb6 15.b3 Nxe4
16.Bxg7 Rg8 17.Be5 Bd6 18.Bxd6 Rxd6 19.Bd3 Qc6 20.f3 Nf6 21.Qe2 h5 22.f4 Rd4
23.f5 Rdg4 24.Rf2 Ne4 25.Bxe4 Qxe4 26.Qxe4 Rxe4 27.Rd1 d5 28.Kf1 Ke7 29.Rd3  1/2-1/2

[Event "12th Open"]
[Site "Ljubljana SLO"]
[Date "2001.06.26"]
[Round "4"]
[White "Kodric,M"]
[Black "Gjuran,D"]
[Result "1/2-1/2"]
[WhiteElo "2248"]
[BlackElo "2115"]

1.e4 c5 2.Nf3 e6 3.d4 cxd4 4.Nxd4 Nc6 5.Nc3 Qc7 6.Be2 a6 7.O-O Nf6 8.Be3 Be7
9.f4 d6 10.Kh1 O-O 11.Qe1 Nxd4 12.Bxd4 b5 13.a3 Bb7 14.Qg3 Rad8 15.Rad1 Rd7
16.Bf3 Rfd8 17.Rfe1 Bc6 18.Nd5 Bxd5 19.exd5 e5 20.Bc3 Bf8 21.fxe5 dxe5 22.Bxe5 Bd6
23.c3 Bxe5 24.Qxe5 Qxe5 25.Rxe5 Kf8 26.Kg1 Rd6 27.Kf2 Nd7 28.Re2 Nb6 29.Rd4 R6d7
30.Red2 Nc4 31.Re2 Nb6 32.b3 Nxd5 33.Red2 Nb6 34.Bb7 Rxd4 35.Rxd4 Rxd4 36.cxd4 a5
37.Ke3 Ke7 38.Bc6 b4 39.axb4 axb4 40.Ke4 Kd6 41.Be8 Ke7 42.Bb5 Kd6 43.g4 Nd5
44.Bc4 Nf6+ 45.Kf4 Nd5+ 46.Ke4 Nf6+ 47.Kf3 Nd5 48.h3 f6 49.Ke4 Nc3+ 50.Kf3 Nd5
51.h4 g6 52.Bd3 Ke6  1/2-1/2

[Event "Open"]
[Site "Batumi GEO"]
[Date "2001.06.27"]
[Round "2"]
[White "Zatonskih,A"]
[Black "Tereladze,S"]
[Result "1/2-1/2"]
[WhiteElo "2421"]
[BlackElo "2267"]

1.e4 c5 2.Nf3 e6 3.d4 cxd4 4.Nxd4 Nc6 5.Nc3 Qc7 6.g3 a6 7.Bg2 Nf6 8.O-O Be7
9.Kh1 O-O 10.f4 Nxd4 11.Qxd4 Bc5 12.Qd3 d6 13.h3 Bd7 14.Rb1 Rac8 15.g4 b5
16.g5 Ne8 17.Ne2 Bb6 18.c3 Qc4 19.Qxc4 Rxc4 20.Rd1 b4 21.cxb4 Rxb4 22.b3 Bc5
23.Ba3 Rb5 24.Bxc5 Rxc5 25.Rbc1 Rxc1 26.Rxc1 f6 27.Kg1 e5 28.fxe5 dxe5 29.gxf6 Rxf6
30.Rc5 Re6 31.Nc3 Nf6 32.Bf1 Kf8 33.Bc4 Rd6 34.Rxe5 Bxh3 35.Rg5 Rc6 36.e5 Nd7
37.Ne2 Nc5 38.Nd4 Rh6 39.Rg3 Rh4 40.Rf3+ Ke8 41.Nf5 Bxf5 42.Rxf5 Re4 43.e6 Nxe6
44.Bxa6 Ke7 45.Bc4 g6 46.Rf1 h5 47.a4 Rg4+ 48.Kf2 Rf4+ 49.Ke3 Rxf1 50.Bxf1 Kd6
51.b4 h4 52.a5 Nc7 53.Kf3 Nd5 54.b5 Kc5 55.Be2 Nc3 56.a6 Kb6 57.Bf1 g5 58.Kg4 Kc7
59.Kf5 h3 60.Bxh3  1/2-1/2

[Event "Open"]
[Site "Batumi GEO"]
[Date "2001.06.27"]
[Round "2"]
[White "Yegiazarian,A"]
[Black "Javakhishvili,L"]
[Result "1-0"]
[WhiteElo "2529"]
[BlackElo "2305"]

1.e4 c5 2.Nf3 Nc6 3.Nc3 e6 4.d4 cxd4 5.Nxd4 Qc7 6.f4 a6 7.Nxc6 Qxc6 8.Bd3 b5
9.Qe2 Bb4 10.Bd2 Ne7 11.O-O-O Bb7 12.Kb1 Bc5 13.Qh5 b4 14.Na4 Bd4 15.Qa5 d5
16.e5 b3 17.axb3 Qd7 18.Nc5 Nc6 19.Nxd7 Nxa5 20.Bxa5 Kxd7 21.Rhf1 f6 22.c3 Ba7
23.exf6 gxf6 24.f5 Rhg8 25.fxe6+ Kxe6 26.Rd2 Kf7 27.Bc7 Rg5 28.Bf4 Rg7 29.Be5 Ke6
30.Bxf6 Rf7 31.Re2+ Kd7 32.Bf5+ Kc7 33.Be5+ Kc6 34.g4 Re8 35.c4 Rfe7 36.cxd5+ Kc5
37.Rc1+ Kxd5 38.Rd1+ Kc6 39.Rc2+ Kb5 40.Bd3+ Kb4 41.Bd6+ Ka5 42.b4+ Ka4 43.Rc3  1-0

[Event "GM"]
[Site "Clichy FRA"]
[Date "2001.06.28"]
[Round "4"]
[White "Nataf,IA"]
[Black "Tregubov,P"]
[Result "1/2-1/2"]
[WhiteElo "2552"]
[BlackElo "2628"]

1.e4 c5 2.Nf3 e6 3.d4 cxd4 4.Nxd4 Nc6 5.Nc3 Qc7 6.Be2 a6 7.O-O Nf6 8.Be3 Bb4
9.Na4 b5 10.Nxc6 dxc6 11.Bc5 a5 12.a3 Bxc5 13.Nxc5 O-O 14.Qd4 Rd8 15.Qc3 Bd7
16.Rad1 Be8 17.Bf3 e5 18.Nd3 Nd7 19.Bg4 f6 20.Be6+ Bf7 21.Bxf7+ Kxf7 22.Qb3+ Kf8
23.Qe6 Re8 24.Qh3 Kg8 25.b4 Re7 26.Nc5 Nxc5 27.bxc5 Rd8 28.Qb3+ Kf8 29.c4 Red7
30.cxb5  1/2-1/2

[Event "12th Open"]
[Site "Ljubljana SLO"]
[Date "2001.06.28"]
[Round "6"]
[White "Cetina,K"]
[Black "Gjuran,D"]
[Result "0-1"]
[WhiteElo "2048"]
[BlackElo "2115"]

1.e4 c5 2.Nf3 e6 3.d4 cxd4 4.Nxd4 Nc6 5.Nc3 Qc7 6.g3 a6 7.Bg2 Nf6 8.O-O Nxd4
9.Qxd4 Bc5 10.Bf4 d6 11.Qd3 Nd7 12.Na4 e5 13.Bd2 b5 14.Nc3 Bb7 15.Nd5 Bxd5
16.exd5 O-O 17.g4 Ba7 18.c3 Nc5 19.Qc2 Qd7 20.g5 Qg4 21.h3 Qh4 22.Kh2 f5
23.f4 e4 24.Qd1 Nd3 25.Be1 Nf2 26.Qe2 Qxf4+ 27.Kg1 Ng4+ 28.Bf2  0-1

[Event "Narciso Yepes"]
[Site "Lorca ESP"]
[Date "2001.06.28"]
[Round "7"]
[White "Khamrakulov,I"]
[Black "Pogorelov,R"]
[Result "1/2-1/2"]
[WhiteElo "2451"]
[BlackElo "2399"]

1.e4 c5 2.Nf3 Nc6 3.d4 cxd4 4.Nxd4 e6 5.Nc3 Qc7 6.Be2 a6 7.O-O Nf6 8.Be3 Bb4
9.Na4 O-O 10.Nxc6 bxc6 11.Nb6 Rb8 12.Nxc8 Rfxc8 13.Bxa6 Rf8 14.Bd3 Bd6 15.f4 e5
16.f5 Rxb2 17.g4 h6 18.h4 Nd5 19.exd5 e4 20.Be2 Bc5 21.Bxc5 Qg3+  1/2-1/2

[Event "Open"]
[Site "Batumi GEO"]
[Date "2001.06.29"]
[Round "4"]
[White "Aginian,N"]
[Black "Tereladze,S"]
[Result "1/2-1/2"]
[WhiteElo "2192"]
[BlackElo "2267"]

1.e4 c5 2.Nf3 e6 3.d4 cxd4 4.Nxd4 Nc6 5.Nc3 a6 6.Nxc6 bxc6 7.Bd3 d5 8.O-O Nf6
9.Qe2 Be7 10.b3 a5 11.Bb2 O-O 12.Rad1 Qc7 13.Na4 Bb7 14.c4 Rfd8 15.cxd5 cxd5
16.e5 Nd7 17.Rc1 Bc6 18.Bxh7+ Kxh7 19.Qc2+ Kg8 20.Qxc6 Qb8 21.Rfe1 Bg5 22.Rcd1 Qb4
23.Qc3 Rdc8 24.Qd3 Nc5 25.Nxc5 Qxc5 26.Re2 a4 27.g3 axb3 28.axb3 Rab8 29.Bd4 Qb4
30.Rb1 Be7 31.Kg2 Bc5 32.Bxc5 Rxc5 33.Rc2 Rxc2 34.Qxc2 Qd4 35.Re1 Qb4 36.Re3 Qb7
37.Rd3 Rc8 38.Qd2 Rb8 39.Qc2 Rc8 40.Qd2 Rb8 41.Qd1 Qc6 42.Qd2  1/2-1/2

[Event "Open"]
[Site "Batumi GEO"]
[Date "2001.06.29"]
[Round "4"]
[White "Mamedov,N"]
[Black "Sulashvili,M"]
[Result "1/2-1/2"]
[WhiteElo "2389"]
[BlackElo "2181"]

1.e4 c5 2.Nf3 e6 3.d4 cxd4 4.Nxd4 Nc6 5.Nc3 Qc7 6.Be3 a6 7.Bd3 Nf6 8.O-O b5
9.Nxc6 Qxc6 10.a3 Bb7 11.Bf4 Be7 12.Qf3 Qc7 13.Qh3 e5 14.Be3 O-O 15.f4 d6
16.Kh1 Qd7 17.Qf3 Ng4 18.f5 Nxe3 19.Qxe3 Bf6 20.Rad1 Rfd8 21.Ne2 d5 22.Ng3 dxe4
23.Nxe4 Bxe4 24.Qxe4 Qd4 25.c3 Qxe4 26.Bxe4 Rxd1 27.Rxd1 Rd8 28.Bd5 Kf8  1/2-1/2

[Event "III ShakkiNet GM"]
[Site "Helsinki FIN"]
[Date "2001.06.29"]
[Round "8"]
[White "Agopov,M"]
[Black "Horvath,Jo"]
[Result "0-1"]
[WhiteElo "2368"]
[BlackElo "2551"]

1.e4 c5 2.Nf3 e6 3.d4 cxd4 4.Nxd4 Nc6 5.Nc3 Qc7 6.Be2 a6 7.O-O Nf6 8.Kh1 Be7
9.Be3 O-O 10.f4 d6 11.Bf3 Bd7 12.Qe1 Nxd4 13.Bxd4 Bc6 14.Qg3 b5 15.a3 Rac8
16.Rad1 a5 17.Rfe1 b4 18.axb4 axb4 19.e5 dxe5 20.Bxe5 Qb6 21.Ne4 Bxe4 22.Bxe4 g6
23.Bd3 Rfd8 24.f5 exf5 25.Bxf5 Rxd1 26.Rxd1 Rd8 27.Rxd8+ Qxd8 28.Bd3 Qa5
29.Qe1 Ng4 30.Bg3 Bc5 31.h3 Ne3 32.Bf4 Qa7 33.Kh2 Qe7 34.Qg3 Nd5 35.Be5 Bf2
36.Qxf2 Qxe5+ 37.Qg3 Qxb2 38.Bc4 Ne7 39.Qf4 Nf5 40.Qc7 Qf6 41.Qb8+ Kg7 42.Qxb4 Qe5+
43.Kh1 Ng3+ 44.Kg1 Qd4+ 45.Kh2 Ne2  0-1

[Event "12th Open"]
[Site "Ljubljana SLO"]
[Date "2001.06.29"]
[Round "7"]
[White "Nikolic,Stank"]
[Black "Susnik,M"]
[Result "0-1"]
[WhiteElo "2111"]
[BlackElo "2223"]

1.e4 c5 2.Nf3 e6 3.d4 cxd4 4.Nxd4 Nc6 5.Nc3 Qc7 6.Be3 a6 7.Qd2 Nf6 8.f3 Bb4
9.g4 h6 10.a3 Ba5 11.Nb3 Ne5 12.Be2 Bxc3 13.bxc3 d5 14.exd5 Nxd5 15.Bd4 O-O
16.f4 Nxf4 17.O-O-O Nc6 18.h4 e5 19.Bc5 Rd8 20.Qe3 Be6 21.Kb2 Rxd1 22.Bxd1 Nd5
23.Qe1 b6 24.Bf2 Na5 25.Be2 Nf4 26.Nd2 Rc8 27.Nb1 Nxe2 28.Qxe2 Nc4+ 29.Kc1 Qc6
30.Rg1 Qb5 31.Qd3 Qb2+ 32.Kd1 Qxb1+ 33.Ke2 Qb5 34.g5 e4 35.Qd4 Nd6+ 36.Kd2 Nf5
37.Qxe4 Qd5+ 38.Qxd5 Bxd5 39.gxh6 g6 40.h5 Kh7 41.hxg6+ fxg6 42.Bxb6 Kxh6
43.a4 Rc6 44.a5 g5 45.Bd8 Rg6 46.Kd3 Bf3 47.Re1 Rd6+  0-1

[Event "ch-SWE"]
[Site "Linkoping SWE"]
[Date "2001.06.30"]
[Round "1"]
[White "Berg,E"]
[Black "Cramling,P"]
[Result "1/2-1/2"]
[WhiteElo "2474"]
[BlackElo "2496"]

1.e4 c5 2.Nf3 e6 3.d4 cxd4 4.Nxd4 Nc6 5.Nc3 Qc7 6.Be3 a6 7.f4 Nxd4 8.Qxd4 b5
9.Be2 Bb7 10.Bf3 Rc8 11.O-O h5 12.h3 h4 13.Rad1 Nf6 14.Rf2 Bc5 15.Qd3 Bxe3
16.Qxe3 b4 17.Na4 O-O 18.Nb6 Rcd8 19.e5 Bxf3 20.Qxf3 Ne8 21.Qe3 d5 22.Na4 a5
23.Rd4 f6 24.exf6 Rxf6 25.f5 exf5 26.Qd3 Qc6 27.b3 Nd6 28.Rxd5 Re8 29.Rc5 Re1+
30.Rf1 Qe4 31.Qxe4 Rxf1+ 32.Kxf1 Nxe4 33.Rc8+ Kh7 34.Nc5 Ng3+ 35.Kf2 Rd6
36.Nd3 Re6 37.Kf3 g5 38.Rc5 Kg6 39.Rxa5 Re4 40.Rb5 g4+ 41.Kf2 Re2+ 42.Kg1 Rxc2
43.hxg4 fxg4 44.Rxb4 Kg5 45.Rb5+ Kf6 46.Rb4 Kg5 47.Rb5+ Kf6 48.Rb4  1/2-1/2

[Event "6th Leg Russian Cup"]
[Site "Tomsk RUS"]
[Date "2001.06.30"]
[Round "1"]
[White "Smirnov,P"]
[Black "Maletin,P"]
[Result "0-1"]
[WhiteElo "2511"]
[BlackElo "2243"]

1.e4 c5 2.Nf3 e6 3.d4 cxd4 4.Nxd4 Nc6 5.Nc3 Qc7 6.Be3 Nf6 7.Ndb5 Qb8 8.f4 d6
9.g4 Be7 10.g5 Nd7 11.f5 a6 12.Nd4 Nde5 13.Bh3 Qa7 14.fxe6 Nxd4 15.O-O Bxg5
16.Bxd4 Be3+ 17.Bxe3 Qxe3+ 18.Kg2 O-O 19.Qxd6 Bxe6 20.Bxe6 Qg5+ 21.Kh1 fxe6
22.Qxe6+ Kh8 23.Rg1 Qh5 24.Rg2 Rf6 25.Qd5 Raf8 26.Rag1 Rf1 27.Qxb7 Ng4 28.Qa7 R1f2
29.Qc7 Rxg2 30.Rxg2 Rf1+ 31.Rg1 Nf2+  0-1

[Event "ch-SWE"]
[Site "Linkoping SWE"]
[Date "2001.07.02"]
[Round "3"]
[White "Olsson,An"]
[Black "Couso,L"]
[Result "1/2-1/2"]
[WhiteElo "2265"]
[BlackElo "2324"]

1.e4 c5 2.Nf3 e6 3.d4 cxd4 4.Nxd4 Nc6 5.Nc3 a6 6.g3 Nge7 7.Nb3 d6 8.a4 Bd7
9.Bg2 Nc8 10.O-O Be7 11.f4 O-O 12.Be3 Na5 13.Nxa5 Qxa5 14.Qd2 Qc7 15.a5 Bc6
16.f5 Bf6 17.g4 Be5 18.fxe6 fxe6 19.Rxf8+ Kxf8 20.Rf1+ Kg8 21.Qf2 Qe7 22.g5 Be8
23.Bh3 Bf7 24.Ne2 Qe8 25.Nf4 Bxf4 26.Qxf4 e5 27.Qf2 Ne7 28.Qd2 Qc6 29.Rd1 Re8
30.Qxd6 Qxe4 31.Rd3 Nf5 32.Qb6 Nh4 33.Rd8 Nf3+ 34.Kf2 Qh4+ 35.Kxf3 Qxh3+
36.Ke2 Qxh2+ 37.Ke1 Qh1+ 38.Kd2 Qc6 39.Rxe8+ Bxe8 40.Qxc6 Bxc6 41.Kd3 Kf7
42.Kc4 Kg6 43.Kc5 Kf5 44.c4 Ke4 45.Bd2 Kd3 46.Bc3 e4 47.Bxg7 e3 48.Be5 e2
49.Bg3 Kd2 50.b4 e1=Q 51.Bxe1+ Kxe1 52.b5 axb5 53.cxb5 Bf3 54.a6 bxa6 55.bxa6 Kf2
56.Kd6 Kg3 57.Ke5 Kg4 58.Kf6  1/2-1/2

[Event "6th Leg Russian Cup"]
[Site "Tomsk RUS"]
[Date "2001.07.02"]
[Round "3"]
[White "Shomoev,A"]
[Black "Vasilevich,I"]
[Result "1-0"]
[WhiteElo "2373"]
[BlackElo "2214"]

1.e4 c5 2.Nf3 e6 3.d4 cxd4 4.Nxd4 Nc6 5.Nc3 Qc7 6.Be2 a6 7.O-O Nf6 8.Kh1 Be7
9.f4 d6 10.Be3 O-O 11.Qe1 e5 12.Nb3 b5 13.Qg3 exf4 14.Rxf4 Ne5 15.Rxf6 Bxf6
16.Nd5 Qd8 17.Bb6 Bh4 18.Bxd8 Bxg3 19.Be7 Bf2 20.Bxd6 Re8 21.Nc7 Bb7 22.a4 Nc4
23.Nxe8 Rxe8 24.Bc5 Bh4 25.axb5 axb5 26.Nd4 Bxe4 27.b3 Ne3 28.Bxb5 Rc8 29.b4 Nxg2
30.Bc6 Bxc6 31.Nxc6 Nf4 32.b5 Ne6 33.Bd6 Bd8 34.c4 h6 35.c5 Kh7 36.Na7 Rxc5
37.Bxc5 Nxc5 38.Nc8  1-0

[Event "Milan Vidmar Mem"]
[Site "Portoroz SLO"]
[Date "2001.07.03"]
[Round "1"]
[White "Volokitin,A"]
[Black "Crisan,A"]
[Result "1-0"]
[WhiteElo "2551"]
[BlackElo "2635"]

1.e4 c5 2.Nf3 e6 3.Nc3 Nc6 4.d4 cxd4 5.Nxd4 Qc7 6.Be2 a6 7.O-O Nf6 8.Kh1 b5
9.Nxc6 dxc6 10.f4 b4 11.Na4 Bb7 12.e5 Rd8 13.Bd3 Nd5 14.Qe2 Qa5 15.b3 g6
16.Bd2 Nc3 17.Bxc3 bxc3 18.Qe3 Ba3 19.Rae1 h5 20.Bc4 h4 21.h3 c5 22.Rd1 Ke7
23.f5 g5 24.Qxg5+ Ke8 25.Bxe6 Rd2 26.Bxf7+ Kd7 27.Qg7 Rd8 28.Bd5+  1-0

[Event "Milan Vidmar Mem"]
[Site "Portoroz SLO"]
[Date "2001.07.03"]
[Round "1"]
[White "Mohr,G"]
[Black "Beliavsky,A"]
[Result "1/2-1/2"]
[WhiteElo "2484"]
[BlackElo "2659"]

1.e4 c5 2.Nf3 e6 3.d4 cxd4 4.Nxd4 Nc6 5.Nc3 a6 6.Be3 Nge7 7.f4 b5 8.Nxc6 Nxc6
9.Be2 Be7 10.O-O O-O 11.e5 Bb7 12.Bf3 Qc7 13.Qe1 d6 14.exd6 Bxd6 15.Rd1 Rad8
16.Qf2 Bxf4 17.Bxf4 Qxf4 18.Qb6 Rxd1 19.Rxd1 Ne5 20.Qxb7 Qb4 21.Qc7 Nxf3+
22.gxf3 Qxb2 23.Ne4 Qxa2 24.Rd8 Qa3 25.Kg2 h6 26.Rxf8+ Qxf8 27.Qc6 Qa3 28.Qe8+ Qf8
29.Qc6 Qa3 30.Kf2 Qc1 31.Qe8+ Kh7 32.Qxf7 Qxc2+ 33.Kg3 Qc8 34.Nf6+ Kh8 35.Nh5 Qc3
36.Qxe6 Qc5 37.Qe8+ Kh7 38.Qe4+ Kg8 39.Qa8+ Kh7 40.Qe4+ Kg8 41.Qa8+ Kh7  1/2-1/2

[Event "Open"]
[Site "Andorra AND"]
[Date "2001.07.04"]
[Round "5"]
[White "Calzetta,M"]
[Black "Jaracz,P"]
[Result "0-1"]
[WhiteElo "2310"]
[BlackElo "2484"]

1.e4 c5 2.Nf3 e6 3.d4 cxd4 4.Nxd4 Nc6 5.Nc3 Qc7 6.Be3 a6 7.Bd3 Nf6 8.O-O Bd6
9.Nxc6 bxc6 10.f4 e5 11.f5 Be7 12.Qf3 Bb7 13.Na4 d5 14.Bb6 Qb8 15.Rae1 O-O
16.Qg3 Nd7 17.Be3 Kh8 18.f6 Nxf6 19.Nb6 dxe4 20.Rxf6 exd3 21.Rf2 f5 22.Nd7 f4
23.Qh3 Bc8 24.Nxb8 Bxh3 25.Nxc6 fxe3 26.Rxf8+ Bxf8 27.cxd3 Bf5 28.Nxe5 Bb4
29.Re2 Bd2 30.g4 Be6 31.b3 Rd8 32.Kg2 Rd5  0-1

[Event "FSIMB July"]
[Site "Budapest HUN"]
[Date "2001.07.04"]
[Round "3"]
[White "Sigfusson,S"]
[Black "Balster,S"]
[Result "1/2-1/2"]
[WhiteElo "2284"]
[BlackElo "2334"]

1.e4 c5 2.Nf3 e6 3.d4 cxd4 4.Nxd4 Nc6 5.Nc3 Qc7 6.Be3 a6 7.Be2 Nf6 8.O-O Bb4
9.f3 O-O 10.Kh1 Be7 11.f4 d6 12.a4 Bd7 13.f5 Nxd4 14.Bxd4 Bc6 15.fxe6 fxe6
16.Bc4 Qd7 17.Qe2 Kh8 18.Rad1 Rae8 19.e5 dxe5 20.Bxe5 Nd5 21.Qh5 Rxf1+ 22.Rxf1 Rf8
23.Rxf8+ Bxf8 24.Bd3 Nf6 25.Qh4 Qf7 26.Ne2 Be7 27.Nf4 Ne4 28.Qh6 Nf2+ 29.Kg1 Nxd3
30.cxd3 Kg8 31.Qxe6 Bxa4 32.Qc8+ Bf8 33.Ne6  1/2-1/2

[Event "ch-SWE"]
[Site "Linkoping SWE"]
[Date "2001.07.04"]
[Round "5"]
[White "Olsson,An"]
[Black "Cramling,P"]
[Result "1/2-1/2"]
[WhiteElo "2265"]
[BlackElo "2496"]

1.e4 c5 2.Nf3 e6 3.d4 cxd4 4.Nxd4 Nc6 5.Nc3 Qc7 6.g3 a6 7.Bg2 Nf6 8.O-O Bc5
9.Nb3 Ba7 10.Bf4 Ne5 11.Qd2 O-O 12.Rad1 Ne8 13.Bxe5 Qxe5 14.Kh1 b5 15.f4 Qc7
16.e5 Rb8 17.Ne4 f6 18.exf6 Nxf6 19.Nd6 Ng4 20.Rf3 Qb6 21.Qd4 Qc7 22.Qd2 Qb6
23.Qd4 Qc7 24.Qd2  1/2-1/2

[Event "6th Leg Russian Cup"]
[Site "Tomsk RUS"]
[Date "2001.07.05"]
[Round "6"]
[White "Kazakov,P"]
[Black "Vasilevich,I"]
[Result "1-0"]
[WhiteElo "2300"]
[BlackElo "2214"]

1.e4 c5 2.Nf3 e6 3.Nc3 Nc6 4.d4 cxd4 5.Nxd4 Qc7 6.Be3 a6 7.Be2 Nf6 8.O-O Be7
9.Kh1 O-O 10.a4 d6 11.f4 Bd7 12.Qe1 Nxd4 13.Bxd4 Bc6 14.Bf3 e5 15.Be3 b5
16.Qg3 b4 17.fxe5 bxc3 18.exf6 Bxf6 19.b3 Qe7 20.Bf4 Rad8 21.Rad1 Be5 22.Rd3 f6
23.Rfd1 Qb7 24.Bxe5 fxe5 25.Qe1 Rf4 26.Re3 Rdf8 27.h3 R8f6 28.Rdd3 g5 29.Rxc3 h5
30.Qe2 g4 31.hxg4 hxg4 32.Bxg4 Bxe4 33.Bh3 Kf7 34.Qh5+ Bg6 35.Qh8 Ke7 36.Qg7+ Bf7
37.Rc8 Rg6 38.Qf8+ Kf6 39.Qxd6+  1-0

[Event "6th Leg Russian Cup"]
[Site "Tomsk RUS"]
[Date "2001.07.05"]
[Round "6"]
[White "Kornev,Alexe"]
[Black "Beshukov,S"]
[Result "1-0"]
[WhiteElo "2507"]
[BlackElo "2463"]

1.e4 c5 2.Nf3 e6 3.d4 cxd4 4.Nxd4 Nc6 5.Nc3 Qc7 6.f4 a6 7.Nxc6 Qxc6 8.Bd3 b5
9.Qe2 Bb7 10.Bd2 Nf6 11.e5 Nd5 12.Ne4 Qb6 13.O-O-O Nb4 14.Bxb4 Bxb4 15.Kb1 Be7
16.f5 Bxe4 17.Bxe4 Rd8 18.Rhf1 exf5 19.Rxf5 g6 20.Rf3 O-O 21.Bd5 d6 22.Rdf1 Qd4
23.Bxf7+ Kg7 24.c3 Qc5 25.e6 Rb8 26.a3 a5 27.Bxg6 Rxf3 28.Qxf3 hxg6 29.Qf7+ Kh6
30.Qxe7 Qc4 31.Qf6 Qe4+ 32.Ka1 Re8 33.g4 Qxe6 34.g5+ Kh5 35.Qg7 Kxg5 36.Rg1+ Kf5
37.Qh6 Qg8 38.Qg5+ Ke6 39.Qxb5 Rb8 40.Qxa5 Qh7 41.Re1+ Kf6 42.Rf1+ Ke6 43.Qg5  1-0

[Event "6th Leg Russian Cup"]
[Site "Tomsk RUS"]
[Date "2001.07.05"]
[Round "6"]
[White "Grunina,N"]
[Black "Sidorova,E"]
[Result "1/2-1/2"]
[WhiteElo "2065"]
[BlackElo "2243"]

1.e4 c5 2.Nf3 Nc6 3.Nc3 e6 4.d4 cxd4 5.Nxd4 Qc7 6.g3 a6 7.Bg2 Nf6 8.O-O Nxd4
9.Qxd4 Bc5 10.Bf4 d6 11.Qd3 Nd7 12.Na4 e5 13.Bd2 b5 14.Nxc5 Nxc5 15.Qc3 Bb7
16.a4 O-O 17.f3 Qc6 18.axb5 axb5 19.Be3 Rfe8 20.Bxc5 Qxc5+ 21.Qxc5 dxc5 22.Rxa8 Rxa8
23.Rd1 Kf8 24.Rd7 Bc6 25.Rc7 Ra6 26.Bf1 c4 27.b3 cxb3 28.cxb3 h5 29.Kf2 f6
30.Ke3 Be8 31.Rc8 Ra3 32.Bxb5 Rxb3+ 33.Bd3 Ke7 34.Kd2 Bb5  1/2-1/2

[Event "Sub-zt 2.3.2"]
[Site "Managua NCA"]
[Date "2001.07.06"]
[Round "7"]
[White "Juarez Flores,C"]
[Black "Pineda,B"]
[Result "1-0"]
[WhiteElo "2400"]
[BlackElo "2292"]

1.e4 c5 2.Nf3 e6 3.d4 cxd4 4.Nxd4 Nc6 5.Nc3 Qc7 6.Be2 a6 7.O-O Nf6 8.Be3 Be7
9.f4 d6 10.Kh1 O-O 11.a4 Bd7 12.Qe1 Rac8 13.Qg3 Kh8 14.Rae1 Qb8 15.Nxc6 Bxc6
16.Bd4 Rg8 17.Bd3 h6 18.e5 Nd7 19.Qh3 Rcf8 20.f5 dxe5 21.Be3 Qd8 22.fxe6 fxe6
23.Qxe6 Rxf1+ 24.Rxf1 Rf8 25.Rd1 Rf6 26.Qg4 Qe8 27.b4 b6 28.Be4 Bxe4 29.Nxe4 Nf8
30.Nxf6 Bxf6 31.Bxb6 Qxa4 32.Qc8 Be7 33.Bc5 Bxc5 34.bxc5 Kg8 35.Rf1  1-0